El lenguaje plástico-visual /
Guardado en:
| Autor Principal: | |
|---|---|
| Formato: | Libro |
| Publicado: |
Buenos Aires :
Aula taller,
2005
|
| Series: | Lenguajes artísticos
|
| Materias: | |
| Etiquetas: |
Agregar Etiqueta
Sin Etiquetas, Sea el primero en etiquetar este registro!
|
| LEADER | 00990nam a22002295a 4500 | ||
|---|---|---|---|
| 001 | CEM.cems012329 | ||
| 005 | 20080422105922.0 | ||
| 008 | 130507s2005##################000#0#####d | ||
| 003 | CEMS | ||
| 020 | |a 9871086156 | ||
| 082 | 0 | 4 | |a 700 |
| 100 | 1 | |a Gagliardi, Ricardo D. | |
| 245 | 1 | 0 | |a El lenguaje plástico-visual / |c Ricardo D. Gagliardi |
| 260 | |a Buenos Aires : |b Aula taller, |c 2005 | ||
| 300 | |a 107 p. + 1 CD-ROM | ||
| 490 | 0 | |a Lenguajes artísticos | |
| 504 | |a Referencia bibliográfica p. 106 | ||
| 505 | 0 | |a El punto -- La línea -- El plano -- La forma -- El volumen -- El espacio -- La textura -- El color -- Alternativas en la estructuración de la composición -- El nivel semántico -- Los vínculos con el contexto socio-cultural -- Procedimientos de producción -- Herramientas y soportes en la creación artística | |
| 653 | |a Educación plástica | ||
| 653 | |a Artes-enseñanza | ||
| 653 | |a Lenguajes artísticos | ||
| 859 | |a CEMS |b BIB. CEMS - 11 de abril |h 700 |i G121 |p 23613.06 |t Ej.1 | ||
